|
|
|
|
| LEADER |
00000nab#a22000007a#4500 |
| 001 |
arbauad000166 |
| 003 |
AR-BaUAD |
| 005 |
20250711110348.0 |
| 008 |
930526|||||||||###||||||b###|0###a|spa|| |
| 040 |
|
|
|a AR-BaUAD
|c AR-BaUAD
|b spa
|
| 245 |
1 |
0 |
|a A proposito del Salone del Mobile di Milano 1992
|b I parte
|
| 300 |
0 |
|
|b il., dib., fot., vistas, detalles
|
| 653 |
|
|
|a ITALIA
|
| 653 |
|
|
|a EXPOSICIONES
|
| 653 |
|
|
|a DISEÑADORES INDUSTRIALES
|
| 653 |
|
|
|a SOTTSASS, ETTORE
|
| 653 |
|
|
|a SUSANI, MARCO
|
| 653 |
|
|
|a ARAD, RON
|
| 653 |
|
|
|a NEWSON, MARC
|
| 653 |
|
|
|a PASQUALI, GIUSEPPE
|
| 653 |
|
|
|a VOLONTERIO, ROBERTO
|
| 653 |
|
|
|a BENEDETTI, CESARE
|
| 653 |
|
|
|a MUEBLES
|
| 653 |
|
|
|a MESAS
|
| 653 |
|
|
|a SILLONES
|
| 653 |
|
|
|a BIBLIOTECAS
|
| 653 |
|
|
|a DISEÑO INDUSTRIAL
|
| 773 |
0 |
|
|t DOMUS
|g no. 741 [sep. 1992], p. 60-75
|
| 942 |
|
|
|c ARTI
|
| 952 |
|
|
|0 0
|1 0
|4 0
|7 0
|9 45087
|a AR-BAuAD
|b AR-BAuAD
|d 2025-07-11
|l 0
|p AAQA000166
|r 2025-07-11 11:03:48
|w 2025-07-11
|y ARTI
|
| 990 |
|
|
|a DI199
|b TD
|
| 998 |
|
|
|a AAQ
|b BIBUN76
|
| 999 |
|
|
|c 24760
|d 24760
|